Welche Stadt in Niedersachsen? - Statistiken

Allgemein
  • Dieses Quiz wurde 5.403 mal gespielt
  • Das Durchschnittsergebnis liegt bei 11 aus 20
Antwortstatistiken
Beschreibung Buchstabe Stadt % Korrekt
Landeshauptstadt H Hannover
100%
Zweitgrößte Stadt B Braunschweig
87%
Großstadt im südwestlichen Niedersachsen an der Grenze zu Nordrhein-Westfalen O Osnabrück
84%
Bis Mai 1945 trug die Stadt den Namen "Stadt des KdF-Wagens bei Fallersleben" W Wolfsburg
84%
Die südlichste Großstadt in Niedersachsen G Göttingen
70%
Diese Stadt ist bekannt durch die Sage vom Rattenfänger von H... H Hameln
67%
Diese Stadt ist unter anderem bekannt für die gleichnamige große, geografisch überwiegend flachwellige Heide-, Geest- und Waldlandschaft im Nordosten Niedersachsens L Lüneburg
67%
Beim Gröönkohl-Äten dieser Stadt wird jährlich eine Grünkohlkönigin oder ein Grünkohlkönig durch das sogenannte Kurfürsten-Kollegium gewählt, seit 1974 ließen sich auch alle Bundeskanzler als Kohlkönig küren O Oldenburg
65%
Der Heide Park befindet sich in dieser Stadt S Soltau
65%
MontanaBlack kommt aus dieser Stadt in der Nähe von Hamburg B Buxtehude
59%
Diese Stadt liegt an der Mündung der Elbe in die Nordsee C Cuxhaven
59%
Größte niedersächsische Stadt an der Nordsee W Wilhelmshaven
58%
Diese Stadt liegt an der Emsmündung am Nordufer des Dollarts E Emden
57%
Großstadt, die erst im 20. Jahrhundert gegründet wurde S Salzgitter
48%
Die größte Nachbarstadt von Bremen D Delmenhorst
46%
Diese Großstadt liegt an der Innerste (Nebenfluss der Leine) H Hildesheim
40%
In dieser Stadt ist die Meyer Werft ansässig, die unter anderem Kreuzfahrtschiffe für AIDA Cruises und Royal Caribbean Cruises baute P Papenburg
39%
In dieser Stadt wird der Kräuterlikör Jägermeister hergestellt W Wolfenbüttel
25%
Die WUMMS-Zeichentrickserie Monsters of Kreisklasse dreht sich um eine fiktive Fußball-Kreisklassemannschaft aus dieser Gemeinde H Hodenhagen
18%
In dieser Kleinstadt in der Nähe von NRW und der Niederlande befindet sich mit dem Index eine der größten Diskotheken Deutschlands S Schüttorf
9%
Keine übereinstimmenden Quizze gefunden
Verteilung der Resultate
Anzahl Personen mit jedem Resultat
Perzentil nach korrekt beantworteten Fragen
Ihre Resultats-Entwicklung
Sie haben dieses Quiz noch nicht gespielt